Pokémons Chiens et Chats - Statistiques

Statistiques générales
  • Ce quiz a été pris 79 fois
    73 depuis la dernière actualisation
  • Le résultat moyen est 46 sur 70
Statistiques - réponses
Hint Réponse % Correct
Gen 1 Miaouss
95%
Gen 7 Miaouss
95%
Gen 8 Miaouss
95%
Gen 1 Persian
93%
Gen 7 Persian
93%
Gen 1 Caninos
91%
Légend Caninos
91%
Gen 1 Arcanin
90%
Légend Arcanin
90%
Gen 7 Flamiaou
83%
Gen 1 Aquali
81%
Gen 5 Chacripan
81%
Gen 1 Évoli
81%
Gen 7 Félinferno
81%
Gen 2 Noctali
81%
Gen 5 Ponchien
81%
Gen 5 Léopardus
79%
Gen 5 Mastouffe
79%
Gen 7 Matoufeu
79%
Gen 2 Mentali
79%
Gen 5 Ponchiot
79%
Gen 9 Poussacha
79%
Gen 1 Voltali
79%
Gen 4 Chaffreux
78%
Gen 1 Pyroli
78%
Gen 2 Suicune
78%
Gen 2 Entei
76%
Gen 2 Raikou
76%
Gen 4 Chaglam
74%
Gen 8 Fulgudog
74%
Gen 4 Givrali
74%
Gen 6 Nymphali
74%
Gen 4 Phyllali
74%
Gen 8 Voltoutou
72%
Gen 2 Démolosse
71%
Gen 2 Malosse
69%
Gen 9 Miascarade
67%
Gen 9 Matourgeon
66%
Gen 3 Skitty
66%
Gen 3 Delcatty
64%
Gen 8 Berserkatt
62%
Gen 3 Grahyèna
62%
Gen 3 Medhyèna
62%
Gen 7 Rocabot
62%
Gen 9 Briochien
57%
Gen 4 Luxio
57%
Gen 4 Luxray
57%
Gen 3 Élecsprint
55%
Gen 9 Grondogue
55%
Gen 3 Dynavolt
53%
Gen 2 Granbull
53%
Gen 4 Lixy
53%
Gen 9 Pâtachiot
53%
Gen 2 Snubull
53%
Gen 6 Couafarel
52%
Gen 9 Dogrino
52%
Gen 8 Zacian
50%
Gen 8 Zamazenta
50%
Gen 9 Toutombe
48%
Gen 6 Mistigrix
45%
Gen 6 Psystigri
45%
Gen 9 Tomberro
43%
Gen 5 Zorua
41%
Légend Zorua
41%
Gen 5 Zoroark
40%
Légend Zoroark
40%
Gen 7 Zeraora
34%
Gen 3 Absol
31%
Gen 2 Queulorior
29%
Gen 8 Wimessir
16%
Aucun quiz correspondant
Distribution des résultats
% des personnes avec chaque résultat
Percentile par nombre de réponses
Votre historique - résultats
Vous n’avez pas pris ce quiz depuis la dernière actualisation